46

Доступно только в Электронных читальных залах Найти на картеНа карте
RUSMARC
00004036nac2a22002651x 450
001673a42c1-4a11-45b5-98a4-57a8b3e5a514
00520170810023552.0
100##$a20170515l1936 k y0rusy50 ca
1010#$arus
102##$aRU
105##$ay z |||||
1220#$ad19360228
2001#$a46
$j28.02.1936
215##$a13 листов
251##$cДело
300##$aЗаголовок дела на папке: Протокол № 46 (подлинный) заседания Президиума Центрального Исполнительного Комитета Союза ССР. 28 февраля 1936 г.
300##$aЧасть текста машинописная, часть - напечатана типографским способом
330##$aВходит в раздел описи: Протоколы Заседаний Президиума VII-го созыва /подлинные/
461#0$1001796d4672-8a00-4986-b488-6e42273792cc
$12001
$aЦЕНТРАЛЬНЫЙ ИСПОЛНИТЕЛЬНЫЙ КОМИТЕТ СССР (ЦИК СССР)
$1251
$cФонд
$1852
$j3316
$gР
462#0$10015593f570-cd62-4a8d-a1d8-0c815fe27ed2
$12001
$aПротоколы заседаний Президиума ЦИК СССР, объединенных заседаний секретариатов ЦИК СССР и ВЦИК и совещаний при председателе ЦИК СССР. 1923-1938 гг.
$vД. 774
$1251
$cОпись
$1852
$j12
5171#$aПротокол № 46 (подлинный) заседания Президиума Центрального Исполнительного Комитета Союза ССР. 28 февраля 1936 г.
60101$3RU\NLR\AUTH\880357276
$aСССР
$bЦИК
801#0$aRU
$bGA_RF
801#1$aRU
$bАО "НПО Опыт"
$c20170515
$2rusmarc
801#2$aRU
$bПБ им. Б.Н. Ельцина
$c20170810
$gRCR
$2rusmarc
852##$aГА РФ
$j774
937##$d101643139
$hПБ
035##$aRuPRLIB51043103
856##$uhttp://readingroom.main.prlib.ru/item.aspx?id_node=n101643139&mode=full
Формат отображения